| 000 | 00699nam a22001937a 4500 | ||
|---|---|---|---|
| 999 |
_c3814 _d3814 |
||
| 003 | AR-CdUCM | ||
| 008 | 190307b ||||| |||| 00| 0 spa d | ||
| 040 |
_aMUNICIPALIDAD PROVINCIAL DEL CUSCO _cBIBLIOTECA MUNICIPAL DEL CUSCO |
||
| 082 |
_a808 / _bR68 |
||
| 100 |
_aRivière, Juan Roger _912288 |
||
| 245 | _aLa india / | ||
| 260 |
_aBarceona : _bEditorial bruguera, _c1962. |
||
| 300 |
_a258 paginas ; _c20 cm. |
||
| 505 | _aContenido :El encuentro con la india -- Las costumbres de la india -- Los templos de la india -- Visa cultural de la india -- Despedida de la india ... | ||
| 650 |
_aHistoria de la india _912289 |
||
| 650 |
_aLiteratura indu _99818 |
||
| 942 |
_2ddc _cLIBROS |
||
| 945 | _arum | ||